000 00365nam a22001577a 4500
003 MPLRDC
005 20220104144503.0
008 210129b ||||| |||| 00| 0 eng d
082 _a868.71 WHL
100 _a文怀朗
245 _a文人的气质
_c
260 _a
_b南洋商报社
_c1955
300 _b
650 _a马华文学
942 _cBK
_o868.71 WHL
999 _c50096
_d50086